Dinámica en psicología

Uloženo v:
Podrobná bibliografie
Hlavní autor: Köhler, Wolfgang (Autor)
Médium: Kniha
Jazyk:španělština
Vydáno: Buenos Aires Paidós 1955
Edice:Biblioteca psicologías del siglo XX
Témata:
Tagy: Přidat tag
Žádné tagy, Buďte první, kdo vytvoří štítek k tomuto záznamu!

MARC

LEADER 00000nam a2200000 a 4500
001 UCY6335
003 CL-VaPUC
008 950526e19550730AG |||||||||||||||||spa|d
082 0 4 |a 150.198  |b KOH  |2 21 
100 |a Köhler, Wolfgang  |e author  |9 306247 
245 1 0 |a Dinámica en psicología 
300 |a 150 p 
942 |c BK 
945 |d 19950526 00:00:00  |a mfernand 
260 |a Buenos Aires  |b Paidós  |c 1955 
650 0 |a Psicología   |9 257863 
650 0 |a Metodología   |9 256610 
650 7 |a INVESTIGACION PSICOLOGICA  |2 CL-VaPUC  |9 309030 
650 7 |a PSICOLOGIA GESTALTICA  |2 CL-VaPUC  |9 306251 
583 |a last modification  |c 19950526 00:00:00  |k Rodrigo Vera 
490 0 |a Biblioteca psicologías del siglo XX 
999 |c 233903  |d 233901 
952 |0 0  |1 0  |4 0  |6 150_198000000000000_KOH_1955  |7 0  |8 P  |9 239716  |a BIBEDU  |b BIBEDU  |c BIBEDU_PB  |d 2019-11-18  |i 150875K  |o 150.198 KOH 1955  |p 150875K  |r 2024-01-25  |w 2019-11-18  |y BK  |k EDU